Principles of astrophysics (Record no. 19042)

MARC details
000 -LEADER
fixed length control field 00613nam a2200205Ia 4500
003 - CONTROL NUMBER IDENTIFIER
control field IN-BaIIA
008 - FIXED-LENGTH DATA ELEMENTS--GENERAL INFORMATION
fixed length control field 211028s9999 xx 000 0 eng d
020 ## - INTERNATIONAL STANDARD BOOK NUMBER
International Standard Book Number 978-1-4614-9235-1
040 ## - CATALOGING SOURCE
Transcribing agency IIA Library
080 ## - UNIVERSAL DECIMAL CLASSIFICATION NUMBER
Universal Decimal Classification number 531.5:524
Item number KEE
100 ## - MAIN ENTRY--PERSONAL NAME
Personal name Keeton, Charles
9 (RLIN) 36360
245 #0 - TITLE STATEMENT
Title Principles of astrophysics
Remainder of title using gravity and stellar physics to explore the cosmos
Statement of responsibility, etc. Charles Keeton
260 ## - PUBLICATION, DISTRIBUTION, ETC.
Place of publication, distribution, etc. New York
Name of publisher, distributor, etc. Springer
Date of publication, distribution, etc. 2014
300 ## - PHYSICAL DESCRIPTION
Extent xxi, 434p.
490 ## - SERIES STATEMENT
Series statement Undergraduate lecture notes in physics
650 ## - SUBJECT ADDED ENTRY--TOPICAL TERM
Topical term or geographic name entry element Astronom
9 (RLIN) 2958
650 ## - SUBJECT ADDED ENTRY--TOPICAL TERM
Topical term or geographic name entry element Astrophysics
9 (RLIN) 794
650 ## - SUBJECT ADDED ENTRY--TOPICAL TERM
Topical term or geographic name entry element Physics
9 (RLIN) 73
942 ## - ADDED ENTRY ELEMENTS (KOHA)
Koha item type Books
Holdings
Withdrawn status Lost status Damaged status Not for loan Home library Current library Shelving location Date acquired Source of acquisition Cost, normal purchase price Total Checkouts Full call number Barcode Date last seen Date last checked out Cost, replacement price Price effective from Koha item type Purchase Price
        IIA Library-Bangalore IIA Library-Bangalore General Stacks 30/04/2015 ANJ 5560.00 1 531.5:524/ KEE 19964 25/07/2022 27/06/2022 5560.00 30/04/2015 Books Rs. 5560.00

Powered by Koha